¿Tres años más de refuerzo a la impunidad?

সংরক্ষণ করুন:
গ্রন্থ-পঞ্জীর বিবরন
বিন্যাস: পাঠ‍্য
বিষয়গুলি:
ট্যাগগুলো: ট্যাগ যুক্ত করুন
কোনো ট্যাগ নেই, প্রথমজন হিসাবে ট্যাগ করুন!

MARC

LEADER 00000 a a2200000 04500
001 6579
003
040
245 |a ¿Tres años más de refuerzo a la impunidad?  
650 |a CORRUPCION  
650 |a EL SALVADOR  
773 |g volumen 23, número 1005; páginas 14-16  
999 |c 24983  |d 24983